000 00579nam a2200205 a 4500
001 56992
003 BD-RjUL
005 20211209080446.0
008 161205s1957 bg ||||| |||| 00| 0 eng d
035 _a(BD-RjUL)57116
040 _aBD-RjUL
_beng
_cBD-RjUL
_dBD-RjUL
041 _aeng
082 _223
_a297.273
_bJAI 1957
100 _aJafri, Syned Ajaz Husain.
_9169370
245 _aIslam and communism /
_cSyned Ajaz Husain Jafri.
260 _aDacca :
_bIslamic Symposium,
_cc1957.
300 _a33 p. ;
_c19 cm.
650 _aIslam and Communism
_9169371
942 _2ddc
_cBK
999 _c56992
_d56992